| 000 | 00445pab a2200157 454500 | ||
|---|---|---|---|
| 008 | 180718b2007 xxu||||| |||| 00| 0 eng d | ||
| 100 | _aChowdhury, Mohd. Hedayat Ullah | ||
| 245 | _aDevelopment in the presence of informal sector: a three-sector general equilibrium approach | ||
| 260 | _c2007 | ||
| 300 | _ap.115-42. | ||
| 362 | _aJul | ||
| 650 | _aInformal sector | ||
| 773 | _aIndian Journal of Economics | ||
| 908 | _aN | ||
| 909 | _a78452 | ||
| 999 |
_c78452 _d78452 |
||